| 000 | 00507nam a22001697a 4500 | ||
|---|---|---|---|
| 005 | 20251108171737.0 | ||
| 008 | 250721s1995 xx 000 0 ara d | ||
| 082 | 1 | 4 | _a001.43/هاد |
| 100 | 1 | _aالهادي، محمد | |
| 245 | 1 | 0 | _aأساليب إعداد و توثيق البحوث العلمية / |
| 264 | 1 |
_aالقاهرة : _bالمكتبة الأكاديمية، _c1995. |
|
| 300 | _a415ص | ||
| 650 | 1 | 7 | _aالبحث |
| 650 | 1 | 7 | _aالبحث العلمي |
| 942 |
_2ddc _cBK |
||
| 999 |
_c61410 _d61410 |
||